Tuyển tập hệ thống các chỉ đạo thực hiện luật ngân sách nhà nước và luật các tổ chức tín dụng hướng dẫn giải pháp điều hành chính sách tiền tệ và hoạt động ngân hàng

שמור ב:
מידע ביבליוגרפי
מחברים אחרים: Kim, Thư (sưu tầm và hệ thống hóa), Quí, Long (sưu tầm và hệ thống hóa)
פורמט: ספר
שפה:Vietnamese
יצא לאור: Hà Nội Tài Chính 2011
נושאים:
תגים: הוספת תג
אין תגיות, היה/י הראשונ/ה לתייג את הרשומה!
Thư viện lưu trữ: Trung tâm Học liệu Lê Vũ Hùng, Trường Đại học Đồng Tháp
LEADER 01059pam a22002178a 4500
001 00027307
008 111020s2011 ||||||viesd
005 20171026081025.0
020 |c 325000 
041 0 # |a vie 
082 1 4 |a 343.597  |b T527T 
245 0 0 |c Quí Long, Kim Thư sưu tầm và hệ thống hóa  |a Tuyển tập hệ thống các chỉ đạo thực hiện luật ngân sách nhà nước và luật các tổ chức tín dụng hướng dẫn giải pháp điều hành chính sách tiền tệ và hoạt động ngân hàng 
260 # # |a Hà Nội  |b Tài Chính  |c 2011 
300 # # |a 507tr.  |c 28cm. 
650 # 4 |a Ngân sách nhà nước  |x Pháp luật  |z Việt Nam 
700 1 # |a Kim, Thư  |e sưu tầm và hệ thống hóa 
700 1 # |a Quí, Long  |e sưu tầm và hệ thống hóa 
852 # # |b Kho đọc  |j KD.0011844 
852 # # |j KD.0011844 
910 |d 20/10/2011 
980 # # |a Trung tâm Học liệu Lê Vũ Hùng, Trường Đại học Đồng Tháp